000 00626nam a22001937a 4500
999 _c193016
_d193016
005 20221013110656.0
010 _aUR-11749
020 _a9789393785619
_c300.00
035 _aU-10304
037 _bDBAD/PUB
_a-
082 _a841
100 _aظفر انصا ری ظفر
245 _aدشت امکا ں /
_cظفر انصا ری ظفر
_hا ر د و
246 _aDasht-E-Imkan /
_bby Zafar Ansari Zafar
260 _aNew Delhi
_bEducational Publishing House
_c2022 ء
270 _aH.O. D/16, Ansari Road, Daryaganj
_bNew Delhi
_e110006
300 _a259 ص
_c23cm(Hb)
942 _2ddc
_cUR
_h841
_mظ ف ر